Paroles - Mon émouvant amour - Charles Aznavour - Statistiques

Statistiques générales
  • Ce quiz a été pris 5 fois
  • Le résultat moyen est 128 sur 187
Statistiques - réponses
Réponse % Correct
A
100%
à
100%
amour
100%
amour,
100%
De
100%
de
100%
des
100%
émouvant
100%
Je
100%
je
100%
le
100%
les
100%
Me
100%
me
100%
mes
100%
Mon
100%
mon
100%
ta
100%
te
100%
tes
100%
ton
100%
Tu
100%
tu
100%
dans
75%
Dans
75%
en
75%
et
75%
Et
75%
être
75%
mains
75%
merveilleux
75%
peu
75%
pour
75%
quand
75%
que
75%
qui
75%
si
75%
suis
75%
un
75%
Un
75%
Car
50%
comme
50%
Comme
50%
dire
50%
doigts
50%
fais
50%
gestes
50%
J'ai
50%
j'ai
50%
j′ai
50%
jamais
50%
Mais
50%
moi
50%
mots
50%
Ne
50%
parler
50%
silence
50%
sont
50%
sourires
50%
toi
50%
tour
50%
vis
50%
vois
50%
appris
25%
ballet
25%
bout
25%
d'aucun
25%
déchirant
25%
efforts
25%
entendre
25%
été
25%
éternel
25%
étrange
25%
étrangère
25%
fascinants
25%
fort
25%
gaffes
25%
Interprétant
25%
langage
25%
l′impression
25%
lis
25%
maladroit
25%
manquais
25%
mêmes
25%
moyens
25%
muet
25%
murmures
25%
n′ai
25%
orthographe
25%
parfois
25%
pouvant
25%
près
25%
regards
25%
règles
25%
ris
25%
semble
25%
servir
25%
souvent
25%
t′aime
25%
t'aime
25%
tant
25%
terre
25%
traduis
25%
très
25%
trouvant
25%
veulent
25%
vocabulaire
25%
voix
25%
Aucun quiz correspondant
Distribution des résultats
% des personnes avec chaque résultat
Percentile par nombre de réponses
Votre historique - résultats
Vous n’avez pas pris ce quiz